000 01124nam a22002417a 4500
001 3633
003 FISKH
005 20240401132119.0
008 240401b cb ||||| |||| 00| 0 eng d
040 _aFISK
_beng
_cFISK
_dFISK
050 _aPS3515.E37
082 _a813.52
100 _aHemingway Ernest
_d1899-1961
245 _aThe old man and the sea /
_cErnest Hemingway
260 _aLondon :
_bArcturus Publishing Limited,
_c2019
300 _a109 pages :
_b21 cm
505 _aS
520 _aThe last novel Ernest Hemingway saw published, The Old Man and the Sea has proved itself to be one of the enduring works of American fiction. It is the story of an old Cuban fisherman and his supreme ordeal: a relentless, agonizing battle with a giant marlin far out in the Gulf Stream. Using the simple, powerful language of a fable, Hemingway takes the timeless themes of courage in the face of defeat and personal triumph won from loss and transforms them into a magnificent twentieth-century classic.
521 8 _a940
_bLexile
700 _aErnest Hemingway
942 _2ddc
_cBK
_n0
999 _c3633
_d3633